000 00306nam a2200121 i 4500
001 bg
245 0 _aLaboratorium z układów przełączających /
_cpod red. J. Witkowskiego.
260 _aCzęstochowa,
_c1985.
040 _cBPK
041 _apol
942 _cKS
008 s pl f |000 0 pol
999 _c3169
_d3169
856 _uhttp://koha.tu.koszalin.pl/cgi-bin/koha/opac-detail.pl?biblionumber=3169
_yKatalog online BPK